|
|
|
|
| LEADER |
00000nam0a2200000 4500 |
| 001 |
286578 |
| 005 |
20231101235915.0 |
| 035 |
|
|
|a (RuTPU)RU\TPU\book\310898
|
| 090 |
|
|
|a 286578
|
| 100 |
|
|
|a 20150306d1985 km y0rusy50 ca
|
| 101 |
0 |
|
|a rus
|
| 102 |
|
|
|a RU
|
| 105 |
|
|
|a a z 001zy
|
| 200 |
1 |
|
|a Сверхлегкие эффективные пенопласты для гражданского строительства
|f Н. Г. Шплет
|
| 210 |
|
|
|a Ленинград
|c Стройиздат
|d 1985
|
| 215 |
|
|
|a 65 с.
|c ил.
|
| 320 |
|
|
|a Библиогр.: с. 65
|
| 606 |
1 |
|
|a Пенопласты
|x Строительные материалы
|2 stltpush
|3 (RuTPU)RU\TPU\subj\48448
|9 67315
|
| 610 |
1 |
|
|a гражданское строительство
|
| 610 |
1 |
|
|a применение
|
| 610 |
1 |
|
|a изготовление
|
| 610 |
1 |
|
|a карбамидные композиты
|
| 610 |
1 |
|
|a свойства
|
| 610 |
1 |
|
|a конструкции
|
| 610 |
1 |
|
|a экономическая оценка
|
| 610 |
1 |
|
|a эффективность
|
| 675 |
|
|
|a 691.175-405.8
|v 3
|
| 700 |
|
1 |
|a Шплет
|b Н. Г.
|g Нина Георгиевна
|
| 801 |
|
1 |
|a RU
|b 63413507
|c 20150306
|
| 801 |
|
2 |
|a RU
|b 63413507
|c 20180328
|g RCR
|
| 942 |
|
|
|c BK
|